00894nam a2200217 i 4500001000300000245008100003260003800084300002100122490008100143650005300224650005300277650003900330700002700369830008100396020001500477040000800492041000700500080003000507008004100537856009800578bg00aIntegracja europejska w oczach Polaków /cpraca pod red. Zdzisława Macha. aKraków :bFundacja MCRD,c1999. a143 s. ;c21 cm.1 aStudia i Analizy / Fundacja Międzynarodowe Centrum Rozwoju Demokracji ;v5 9aUnia Europejska a Polskaxsocjologiayod 1989 r. 9aPolska a Unia Europejskaxsocjologiayod 1989 r. 9aIntegracja europejskaxzagadnienia1 aMach, Zdzisław.eRed. 0aStudia i Analizy (Fundacja Międzynarodowe Centrum Rozwoju Demokracji) ;v5 a8387832154 cBPK0 apl a316.4(438:4-67)"1989/..." s pl f |000 0 pol  uhttp://koha.tu.koszalin.pl/cgi-bin/koha/opac-detail.pl?biblionumber=39168yKatalog online BPK